| 000 | 00605nam a2200193 a 4500 | ||
|---|---|---|---|
| 005 | 20210223122719.0 | ||
| 008 | 991125s1967 mx 000 0 spa u | ||
| 035 | _aUPN01000040390 | ||
| 049 | _aCG | ||
| 050 | 4 |
_aE18.82 _bZ3.4 |
|
| 100 | 1 |
_aZavala Vallado, Silvio Arturo, _d1909- _929523 |
|
| 245 | 1 | 3 |
_aEl mundo americano en la época colonial / _cSilvio Zavala. |
| 260 |
_aMéxico : _bPorrúa, _c1967. |
||
| 300 | _a2 v., [49] h. de láms. | ||
| 440 | 0 |
_aBiblioteca Porrúa ; _v39-40 |
|
| 651 | 4 |
_aAMERICA - _xHISTORIA - _yHASTA 1818 _92667 |
|
| 651 | 4 |
_aAMERICA - _xHISTORIOGRAFIA _92663 |
|
| 905 | _aLibro | ||
| 999 |
_c40390 _d40390 |
||